Statistics for All YouTubers

Click here to take the quiz!

General Stats

  • This quiz has been taken 47 times
  • The average score is 4 of 15

Answer Stats

HintAnswer% Correct
He has multiple loads of Money.MrBeast
94%
In 2022, He got his Visa Card submitted.PewDiePie
64%
He is the first YouTuber to hit 100M, 150M, and 200MT-Series
53%
GOD IS GOOOD GOD IS GREATTT GOD IS GOOD OO AHHIShowSpeed
42%
Old Intro from 2012: "Hello guys, Dan here from the diamond minecart."DanTDM
39%
"Leave me alone!"Dream
25%
Most Subscribed YouTuber in 2005, 2006, and 2013.Smosh
25%
Fastest Growing YouTuber known for his Discord VideosBeluga
19%
One of the first YouTubers to hit 1M SubscribersFred
17%
Made tons of YouTube OriginalsMarkiplier
17%
He actually announced the winner of Content Creator of the Year for The Game Awards.Jacksepticeye
14%
Got roasted by his friends for hitting 20M SubscribersJelly
11%
Used to lose 100K subscribers everyday. Not anymore.RayWilliamJohnson
3%
Got PewDiePie and MrBeast's attention.ZHC
3%
"SHUT"AyoDen
0%

Score Distribution

Percentile by Number Answered

Percent of People with Each Score

Your Score History

You have not taken this quiz